[Event "GER AM05-B email"]
[Site "GER email"]
[Date "2019.06.19"]
[Round "?"]
[White "Nekhaev, Andrey Ivanovich"]
[Black "Wenzel, Stefan"]
[Result "1/2-1/2"]
[WhiteElo "2470"]
[BlackElo "2469"]
[PlyCount "103"]
[EventDate "2019.??.??"]
[EventType "tourn (corr)"]
[EventRounds "14"]
[EventCountry "GER"]
[SourceTitle "Corr 2022"]
[Source "ChessBase"]
[SourceDate "2021.10.24"]
[SourceVersion "1"]
[SourceVersionDate "2021.10.24"]
[SourceQuality "1"]

1. e4 c5 2. Nf3 Nc6 3. Bb5 e6 4. 0-0 Nge7 5. Ba4 a6 6. c3 b5 7. Bc2 Bb7 8. Re1 Rc8 9. a4 b4 10. d4 Ng6 11. d5 Na5 12. Be3 Be7 13. Nbd2 0-0 14. c4 d6 15. g3 Bf6 16. Rb1 Re8 17. h4 h6 18. Qe2 Rc7 19. h5 Nf8 20. Qd3 Bc8 21. Kg2 Rce7 22. Rh1 Qc7 23. b3 Bc3 24. Rbd1 f5 25. Rh4 Bf6 26. exf5 exd5 27. Qxd5+ Kh8 28. Re4 Bb7 29. Rxe7 Rxe7 30. Qd3 Nc6 31. Qf1 Nd7 32. Ne4 Nd4 33. Bxd4 cxd4 34. Re1 Nc5 35. Nxc5 dxc5 36. Re6 Rxe6 37. fxe6 Qc6 38. Qd3 Kg8 39. Qf5 Kf8 40. Bd1 Ke7 41. Kf1 Bc8 42. Bc2 Bxe6 43. Qf4 Bc8 44. Bg6 Qd6 45. Qe4+ Qe6 46. Qa8 Qd7 47. Ne1 Qb7 48. Qxb7+ Bxb7 49. Nd3 Kd6 50. Ke2 Bc6 51. g4 a5 52. Bf5 1/2-1/2

[Event "GER AM05-B email"]
[Site "GER email"]
[Date "2019.06.19"]
[Round "?"]
[White "Schaefer, Uwe"]
[Black "Wenzel, Stefan"]
[Result "1/2-1/2"]
[WhiteElo "2473"]
[BlackElo "2469"]
[PlyCount "51"]
[EventDate "2019.??.??"]
[EventType "tourn (corr)"]
[EventRounds "14"]
[EventCountry "GER"]
[SourceTitle "Corr 2022"]
[Source "ChessBase"]
[SourceDate "2021.10.24"]
[SourceVersion "1"]
[SourceVersionDate "2021.10.24"]
[SourceQuality "1"]

1. d4 f5 2. g3 Nf6 3. Bg2 g6 4. Nf3 Bg7 5. 0-0 0-0 6. b3 b6 7. c4 Bb7 8. Nc3 e6 9. Bf4 d6 10. d5 e5 11. Bd2 Bc8 12. Ng5 Qe7 13. e4 f4 14. Bh3 Nbd7 15. b4 Bh6 16. Nf3 Nh5 17. Rc1 Kh8 18. Kh1 a5 19. a3 Qd8 20. Ng1 Kg7 21. Kg2 fxg3 22. Bxh6+ Kxh6 23. hxg3 Kg7 24. Qd2 h6 25. f3 Ndf6 26. Bxc8 1/2-1/2

[Event "GER AM02-B email"]
[Site "GER email"]
[Date "2016.06.26"]
[Round "?"]
[White "Horvat, Milan"]
[Black "Wenzel, Stefan"]
[Result "1/2-1/2"]
[WhiteElo "2463"]
[BlackElo "2436"]
[PlyCount "52"]
[EventDate "2016.??.??"]
[EventType "tourn (corr)"]
[EventRounds "14"]
[EventCountry "GER"]
[SourceTitle "Corr 2017"]
[Source "ChessBase"]
[SourceDate "2017.09.19"]
[SourceVersion "1"]
[SourceVersionDate "2017.09.19"]
[SourceQuality "1"]

1. Nf3 Nf6 2. c4 c6 3. Nc3 d5 4. e3 e6 5. d4 Nbd7 6. Qc2 Bd6 7. Bd3 0-0 8. 0-0 dxc4 9. Bxc4 b5 10. Be2 Bb7 11. Rd1 Qc7 12. e4 e5 13. dxe5 Nxe5 14. Nd4 Neg4 15. Bxg4 Bxh2+ 16. Kf1 Nxg4 17. g3 Qe5 18. Bf4 Qh5 19. Kg2 c5 20. Nf3 f5 21. Qb3+ Kh8 22. Rd5 g5 23. Nxg5 Bxg3 24. Rh1 Qxh1+ 25. Kxh1 Bxf4 26. Rd7 Bxg5 1/2-1/2